Dôvodová správa k novele zákona o ochrane hospodárskej súťaže

Dôvodová správa k novele zákona o ochrane hospodárskej súťaže.

Na minha lista:
Detalhes bibliográficos
Formato: Capítulo de Livro
Idioma:eslovaco
Assuntos:
Tags: Adicionar Tag
Sem tags, seja o primeiro a adicionar uma tag!

MARC

LEADER 00000naa a2200000 4500
001 r038467
005 20230926082910.5
041 0 |a slo 
044 |a SK 
245 1 0 |a Dôvodová správa k novele zákona o ochrane hospodárskej súťaže 
520 |a Dôvodová správa k novele zákona o ochrane hospodárskej súťaže. 
610 2 0 |a súťaž hospodárska 
610 2 0 |a politika protimonopolná 
610 2 0 |a správy dôvodové 
610 2 0 |a zákony 
610 2 0 |a Slovensko 
610 2 0 |a novelizácia